LEADER 01083nam0-22003251i-450- 001 990007048730403321 005 20050216114032.0 010 $a0-7156-2808-9 035 $a000704873 035 $aFED01000704873 035 $a(Aleph)000704873FED01 035 $a000704873 100 $a20020220d1998----km-y0itay50------ba 101 0 $aeng 102 $aGB 105 $aab------001yy 200 1 $aVergil's 'Aeneid': Augustan Epic and Political Context$fedited, with an Introduction, by Hans-Peter Stahl$gContributors: Elaine Fantham [et. al.] 210 $aLondon$cDuckworth & Co.$cThe Classical Press of Wales$d1998 215 $aXXXIII, 324 p.$cill.$d23 cm 676 $a873$v20$zita 702 1$aFantham,$bElaine 702 1$aStahl,$bHans-Peter 702 1$aVergilius Maro,$bPublius$f<70-19 a. C.> 801 0$aIT$bUNINA$gRICA$2UNIMARC 901 $aBK 912 $a990007048730403321 952 $aDDR-Fonti II - Vergilius St. 039$b4903 ddr$fDDR$m21-1759 959 $aDDR 996 $aVergil's 'Aeneid': Augustan Epic and Political Context$9707322 997 $aUNINA LEADER 01065nam a22002895i 4500 001 991003309879707536 008 030520s1990 it 100 0 ita d 020 $a8839201661 035 $ab12408578-39ule_inst 040 $aDip.to Studi Giuridici$bita 041 0 $aita 082 0 $a335.40 245 10$aAntropologia, prassi, emancipazione :$bproblemi del marxismo /$ca cura di Georges Labica, Domenico Losurdo, Jacques Texier 260 $aUrbino :$bQuattro venti,$c1990 300 $a242 p. ;$c24 cm 440 0$aActa philosophica ;$v8 650 4$aAntropologia$xConcezione Marxista 650 4$aEmancipazione$xConcezione Marxista 700 1 $aLabica, Georges 700 1 $aLosurdo, Domenico 700 1 $aTexier, Jacques 907 $a.b12408578$b21-09-06$c28-10-03 912 $a991003309879707536 945 $aLE027 335.40 LAB01.01$g1$iLE027-12170$lle027$o-$pE20.66$q-$rl$s- $t0$u0$v0$w0$x0$y.i12822437$z28-10-03 996 $aAntropologia, prassi, emancipazione$9167808 997 $aUNISALENTO 998 $ale027$b28-10-03$cm$da $e-$fita$git $h0$i1